Science, Technology and Development in India: (Record no. 93279)

MARC details
000 -LEADER
fixed length control field 00650nam a22001937a 4500
005 - DATE AND TIME OF LATEST TRANSACTION
control field 20241003122851.0
010 ## - LCCN (DPL NO)
LC control number ENG-112850
020 ## - INTERNATIONAL STANDARD BOOK NUMBER
Terms of availability 1560.00
International Standard Book Number 9788125058557
035 ## - SYSTEM CONTROL NUMBER
System control number EN-96382
037 ## - SOURCE OF ACQUISITION
Source of stock number/acquisition DBAD/PUB
082 ## - DEWEY DECIMAL CLASSIFICATION NUMBER
Classification number 509.54
245 ## - TITLE STATEMENT
Title Science, Technology and Development in India:
Remainder of title Encountering values/
Statement of responsibility, etc edited by Rajeshwari S. Raina ; foreworded by Helen E. Longino
260 ## - PUBLICATION, DISTRIBUTION, ETC. (IMPRINT)
Place of publication, distribution, etc New Delhi
Name of publisher, distributor, etc Orient BlackSwan
Date of publication, distribution, etc 2015
270 ## - ADDRESS
Address 1/24, Asaf Ali Road,
City New Delhi
Postal code 110002
300 ## - PHYSICAL DESCRIPTION
Extent xvi,294p.
Dimensions 22cm(Hb)
500 ## - GENERAL NOTE
General note Includes index
700 ## - ADDED ENTRY--PERSONAL NAME
Personal name Raina, Rajeshwari S.
9 (RLIN) 72323
942 ## - ADDED ENTRY ELEMENTS (KOHA)
Source of classification or shelving scheme Dewey Decimal Classification
Item type English Books
Call number suffix SCI
Classification part 509.54
Holdings
Withdrawn status Lost status Not for loan Collection code Home library Current library Date acquired Source of acquisition Cost, normal purchase price Full call number Barcode Copy number Cost, replacement price Koha item type
    Not For Loan Non-fiction D.B.Act.Division D.B.Act.Division 01/05/2015 DBAD/PUB 675.00 509.54 SCI EN-96382 1 675.00 English Books

© Delhi Public Library
Hit Counter
free hit counter